000 00294nam a22001337a 4500
008 181204b xxu||||| |||| 00| 0 eng d
020 _a9780716782711
041 _aeng
080 _a004
100 _a28
101 _aSHK
245 _aThe New Turing Omnibus
_cDewdney,A.K
942 _2udc
_cBK
999 _c52755
_d52755